La resistencia civil de los indígenas del Cauca (Registro nro. 410992)

Detalles MARC
001 - NÚMERO DE CONTROL
campo de control 1025217
005 - FECHA Y HORA DE LA ÚLTIMA TRANSACCIÓN
campo de control 20240718090057.0
008 - DATOS DE LONGITUD FIJA--INFORMACIÓN GENERAL
campo de control de longitud fija 070419e20060601 spa
035 ## - NÚMERO DE CONTROL DEL SISTEMA
Número de control de sistema 1025217
035 ## - NÚMERO DE CONTROL DEL SISTEMA
Número de control de sistema (OCoLC)820160257
040 ## - FUENTE DE LA CATALOGACIÓN
Centro/agencia transcriptor comduadb
041 ## - CÓDIGO DE LENGUA
Código de lengua del texto/banda sonora o título independiente spa
100 10 - ENTRADA PRINCIPAL--NOMBRE DE PERSONA
Nombre de persona Hernandez Delgado, Esperanza
Código de función aut
Término indicativo de función/relación Autor/a
9 (RLIN) 332887
245 13 - MENCIÓN DE TÍTULO
Título La resistencia civil de los indígenas del Cauca
260 ## - PUBLICACIÓN, DISTRIBUCIÓN, ETC.
Fecha de publicación, distribución, etc. 2006.
520 3# - SUMARIO, ETC.
Sumario, etc. El artículo es una síntesis de la investigación realizada en torno de 10 experiencias de construcción de paz desde la base, 9 de ellas de resistencia no violenta, durante el periodo comprendido entre el 2002 y 2004. Mediante el mismo se pretende aportar desde los hallazgos de la investigación para la paz y las voces de los protagonistas de estos proceos, elementos de reflexión y análisis sobre las experiencias de resistencia civil de los pueblos indígenas del Cauca, denominada por ellos: "Resistencia Indígena Comunitaria"
650 #7 - PUNTO DE ACCESO ADICIONAL DE MATERIA--TÉRMINO DE MATERIA
Término de materia o nombre geográfico como elemento de entrada Resistencia civil
Fuente del encabezamiento o término lemb
9 (RLIN) 1128
650 ## - PUNTO DE ACCESO ADICIONAL DE MATERIA--TÉRMINO DE MATERIA
Término de materia o nombre geográfico como elemento de entrada Resistencia indigena - Popayan
9 (RLIN) 14314
650 ## - PUNTO DE ACCESO ADICIONAL DE MATERIA--TÉRMINO DE MATERIA
Término de materia o nombre geográfico como elemento de entrada Indígenas del Cauca
9 (RLIN) 58719
650 ## - PUNTO DE ACCESO ADICIONAL DE MATERIA--TÉRMINO DE MATERIA
Término de materia o nombre geográfico como elemento de entrada Minorías étnicas
9 (RLIN) 13318
650 ## - PUNTO DE ACCESO ADICIONAL DE MATERIA--TÉRMINO DE MATERIA
Término de materia o nombre geográfico como elemento de entrada Multiculturalismo - Cartagena (Bolívar, Colombia)
9 (RLIN) 69990
773 0# - ENLACE AL DOCUMENTO FUENTE/ENTRADA DE REGISTRO ANFITRIÓN
Título Papel Político (Bogotá)
Parte(s) relacionada(s) Vol. 11, No. 01, Ene.-Jun. 2006, p. 177-220
Número de control del registro 589146
Número Internacional Normalizado para Publicaciones Seriadas 0122-4409
Número bibliográfico anfitrión 147183
942 ## - ELEMENTOS DE ENTRADA AGREGADA (KOHA)
Tipo de ítem Koha Artículo de Revista

No hay ítems disponibles.